Electronic commerce - part 1 (Record no. 61605)

MARC details
000 -LEADER
fixed length control field 01006cam a2200241 4500
001 - CONTROL NUMBER
control field ABS61558
008 - FIXED-LENGTH DATA ELEMENTS--GENERAL INFORMATION
fixed length control field 000000n1999 000 0 eng u
035 ## - SYSTEM CONTROL NUMBER
System control number (Sirsi) u102605
100 ## - MAIN ENTRY--PERSONAL NAME
Personal name Arden, M.
245 ## - TITLE STATEMENT
Title Electronic commerce - part 1
260 ## - PUBLICATION, DISTRIBUTION, ETC.
Date of publication, distribution, etc. 1999
490 ## - SERIES STATEMENT
Series statement New Law Journal
Volume/sequential designation 149(6912) 12 November 1999, 1685-1694(3)
520 ## - SUMMARY, ETC.
Summary, etc. The first of two articles assessing the impact of electronic commerce on contract law, tort and criminal law. The first article discusses contract law, and looks at issues such as the terms on which the contract is made, distance selling, the requirement for an agreement to be in writing or signed, and the EU draft Directive on Electronic Commerce.
590 ## - LOCAL NOTE (RLIN)
Local note ABS
650 ## - SUBJECT ADDED ENTRY--TOPICAL TERM
Topical term or geographic name entry element ELECTRONIC COMMERCE
650 ## - SUBJECT ADDED ENTRY--TOPICAL TERM
Topical term or geographic name entry element CONTRACT LAW
650 ## - SUBJECT ADDED ENTRY--TOPICAL TERM
Topical term or geographic name entry element DRAFT DIRECTIVE
650 ## - SUBJECT ADDED ENTRY--TOPICAL TERM
Topical term or geographic name entry element DISTANCE-SELLING DIRECTIVE
650 ## - SUBJECT ADDED ENTRY--TOPICAL TERM
Topical term or geographic name entry element SIGNATURES
650 ## - SUBJECT ADDED ENTRY--TOPICAL TERM
Topical term or geographic name entry element OFFER AND ACCEPTANCE
690 ## - LOCAL SUBJECT ADDED ENTRY--TOPICAL TERM (OCLC, RLIN)
Topical term or geographic name as entry element MANAGEMENT-BUSINESS MANAGEMENT-INFORMATION MANAGEMENT
942 ## - ADDED ENTRY ELEMENTS (KOHA)
Suppress in OPAC 0
Holdings
Withdrawn status Lost status Source of classification or shelving scheme Damaged status Not for loan Home library Current library Shelving location Date acquired Total Checkouts Full call number Barcode Date last seen Copy number Price effective from Koha item type
    Dewey Decimal Classification     London London Journal article 23/11/1999   ABS61558 102605-1001 06/08/2019 1 06/08/2019 Journal article